| 000 | 00380 a2200085 4500 | ||
|---|---|---|---|
| 999 |
_c20902 _d20902 |
||
| 003 | WA 310 | ||
| 005 | 20220228140713.0 | ||
| 008 | 220228s2005 pl |||f u||| 000 0deng d | ||
| 020 | _a9788325123130 | ||
| 040 |
_aWA 310 _cWA 310 |
||
| 041 |
_aeng _hpol |
||
| 245 | 0 | 0 |
_aOgniwa i baterie wtórne zawierające zasadowe lub inne niekwasowe elektrolity - Badania mechaniczne przenośnych ogniw i baterii wtórnych szczelnie zamkniętych = _bSecondary cells and batteries containing alkaline or other non-acid electrolytes - Mechanical tests for sealed portable secondary cells and batteries PN-EN 61959:2005 (U) / _cKT nr 54. |
| 246 | 1 | 3 | _aPN-EN 61959 |
| 246 | 1 | 3 | _aICS 29.220.30 |
| 246 | 1 | 3 | _aPolska Norma |
| 246 | 3 | 1 | _aSecondary cells and batteries containing alkaline or other non-acid electrolytes - Mechanical tests for sealed portable secondary cells and batteries |
| 260 |
_aWarszawa : _bPKN, _c2005. |
||
| 300 |
_a17 stron ; _c30 cm. |
||
| 336 |
_2rdacontent _aTekst _btxt |
||
| 337 |
_2rdamedia _aBez urządzenia pośredniczącego _bn |
||
| 338 |
_2rdacarrier _aWolumin _bnc |
||
| 500 | _aTekst w języku angielskim, strona tytułowa w języku polskim. | ||
| 500 | _aWprowadza EN 61959:2004, IDT, IEC 61959:2004, IDT ; Zastępuje PN-EN 61960-1:2002 (U), PN-EN 61960-2:2002 (U) ; Zatwierdzona 14 lutego 2005 r. | ||
| 500 | _aNorma Europejska EN 61959:2004 ma status Polskiej Normy. | ||
| 504 | _aBibliografia na stronie 17. | ||
| 590 | _6Status: wycofana ; Zastąpiona przez PN-EN 61959:2009 wersja polska. | ||
| 710 |
_91107 _aPolska. _bPolski Komitet Normalizacyjny. _eInstytucja sprawcza _eWydawca |
||
| 920 | _a978-83-251-2313-0 | ||
| 942 |
_2ddc _cBK |
||